00783nam a22002777a 4500003000500000005001700005008004100022010001000063011001000073020001800083035001100101040000900112082001400121100002200135245008500157250001000242260004400252300003700296650002900333650003000362650001600392650002500408650003100433700002200464700001900486CHAP20220329143318.0080519d2007 us r 00110 eng d a94812 a95784 a9780471705116 a106415 cCHAP04a620.1bR500aRiley, William F.1 aMechanics of materialsc/by William F. Riley, Leroy D. Sturges and Don H. Morris a6 ed. aHoboken, NJ :bJohn Wiley & Sons,c2007 aviii, 711 p. :bilus. ; gráfs.14aIngeniería mecánica.14aIngenieríaxMateriales.14aMateriales.14aMecánica aplicada.14aResistencia de materiales.0 aSturges, Leroy D.1 aMorris, Don H.